| 000 | 00414nam a2200145Ia 4500 | ||
|---|---|---|---|
| 008 | 231129s2010||||xx |||||||||||||| ||spa|| | ||
| 020 | _a978-958-30-3513-5 | ||
| 040 | _bspa | ||
| 082 | _aR 398.21 B823e | ||
| 100 | _aBrasey édouard 1954- | ||
| 245 | 0 | _aLa enciclopedia de lo maravilloso : los pueblos de la luz | |
| 260 | _c2010 | ||
| 264 | _aPanamericana | ||
| 942 |
_2ddc _cBKS |
||
| 999 |
_c16953 _d16953 |
||